02321nam a22001817a 4500003000900000005001700009008004100026040001300067100003100080245005500111260003100166300001800197490005500215520173800270942001202008999001902020952010002039IT-RoPau20220918181220.0140428b xxu||||| |||| 00| 0 eng d cIT-RoPau aFiglie di San Paolo922644 aInformazione. Figlie di San Paolo dal 1988 al 1992 aRomabCasa Generalizia FSP a35 cmc36 pp. aInformazione, Figlie di San Paolo dal 1988 al 1992 aIndice Anno 55 Informazione fsp - n. 496 - gennaio 1988 Informazione fsp - n 497 - febbraio/marzo 1988 Informazione fsp - n. 498 - aprile 1988 Informazione fsp - n. 499 - Maggio 1988 Informazione fsp - n. 500 - Giugno 1988 Informazione fsp - n. 501 - Luglio/agosto 1988 Informazione fsp - n. 502 - Settembre 1988 Informazione fsp - n. 503 - Ottobre/Novembre 1988 Informazione fsp - n. 504 - Dicembre 1988 Anno 56 Informazione fsp - n. 505 - Gennaio 1989 Informazione fsp - n. 506 - Febbraio 1989 Informazione fsp - n.507 - Marzo/Aprile 1989 Informazione fsp - n. 508 - Maggio 1988 Informazione fsp - n. 509 - Giugno 1989 Informazione fsp - n. 510 - Luglio 1989 Informazione fsp - n. 511 - Agosto 1989 Informazione fsp - n. 512 - Novembre/Dicembre 1989 Anno 57 Informazione fsp - n. 1 - Gennaio-febbraio 1990 Informazione fsp - n. 2 - Marzo-aprile 1990 Informazione fsp - Numero speciale 15 giugno 1990 Informazione fsp - n. 3 - Maggio-giugno 1990 Informazione fsp - n. 4 - Luglio-agosto 1990 Informazione fsp - n. 5 - Settembre-ottobre 1990 Anno 58 Informazione fsp - n. 1 - n. 519 - Gennaio-febbraio 1991 Informazione fsp - n. 2 - n. 520 - Marzo-aprile 1991 Informazione fsp - n. 3 - n. 521 - Maggio-giugno 1991 Informazione fsp - n. 4 - n. 522 - Luglio-agosto 1991 Informazione fsp - n. 5 - n. 523 - Settembre-ottobre 1991 Informazione fsp - n. 6 - n. 524 - Novembre-dicembre 1991 Anno 59 Informazione fsp - n. 1 - n. 525 - Gennaio-febbraio 1992 Informazione fsp - n. 2 - n. 526 - Marzo-aprile 1992 Informazione fsp - n. 3 - n. 527 - Maggio-giugno 1992 Informazione fsp - n. 4 - n. 528 - Luglio-agosto 1992 Informazione fsp - n. 5 - n. 529 - Settembre-ottobre 1992 Informazione fsp - n. 6 - n. 530 - Novembre-dicembre 1992  2ddccBK c104323d104323 00102ddc406P_D571aPAULUSbPAULUSd2014-04-28l0oP D5r2014-04-28 00:00:00w2014-04-28yBK